000 00455nam a2200157Ia 4500
008 210210b1999 xxu||||| |||| 00| 0 eng d
020 _a81 7371 2247
082 _a651.75 WAIT
100 _aWAINWRIGHT (Gordon R).
245 _aBusiness letters:persuasive tactics on paper.
260 _aHyderabad
_bUniversities Press
_c1999
300 _ax,182
650 _aBusiness letters Commercial correspondence
690 _aCorrespondence
906 _aSG03698
999 _c114112
_d114112